Statistics for English gcse christmas carol quotes

Click here to take the quiz!

General Stats

  • This quiz has been taken 8 times
  • The average score is 5 of 24

Answer Stats

HintAnswer% Correct
marley warning scrooge of the consequences
of his actions
i wear the chain i forged in life
100%
scrooge being unreasable, and blaming people
for being poor and living in poverty
are there no workhouses? are there no prisons?
67%
describing scrooge as being hard, not flexible
or capable of change, being rigid but quick
witted
he was as hard and sharp as flint
67%
describing scrooge as keeping to himself
and being lonley
he was as solitary as an oyster
67%
scrooges wife belle telling scrooge why they
cant be together anymore
another idol has displaced me a golden one
33%
scrooges first sign of changehe tried to say humbug but stopped at the first syllable
33%
scrooge saying if they havent got money,
then theyre lazy so why should enjoy
christmas when he doesnt
i dont make merry myself at christmas
and i cant afford to make idle people merry
33%
how marley got his chainmankind was my business
33%
ghost describing societies biggest illsthis boy is ignorance. this girl is want. beware them both but most of all the boy
33%
scrooge embracing christmas spirit - exclamativea merry christmas to everybody!
0%
scrooge being happy superlativesbest and happiest of all
0%
scrooge learning the consequences of his greed - deathif these shadows remain unaltered by the future the child will die
0%
scrooge saying he want to improve himselfi hope to live to be a better man from whan i was
0%
scrooges shock that poorer (fred) people pity himi mean to give him the same chance every year for i pity him
0%
future people discussing scrooges funeralits likley to be a very cheap funeral
0%
belle leaving scroogemay you be happy in the life you have chosen! she left him, and they parted
0%
cratchits christmas party with dynamic verbsmrs cratchit made the gravy piping hot, master peter mashed the potatoes with incredible vigour
0%
proof scrooge has changedscrooge was better than his word. he did all and infinitely more
0%
scrooge showing his emotions, and showing
that hes afraid of being forgotten
scrooge wept to see his poor forgotten self he had used to be
0%
fezziwigs party where scrooge
realises there isnt a direct corralation
between money and happiness
the happiness he gives is quite as great as if it had cost a fortune
0%
scrooge saying the poor isnt his problemthe poor should die if they want to as it would
decrease the surplus population
0%
tiny tims worth - people>profittiny tim is as good as gold and better
0%
showing how his actions changed the futuretiny tim who did not die he was a second father
0%
scrooges worst fear coming trueupon the stone of the neglected grave
0%

Score Distribution

Percentile by Number Answered

Percent of People with Each Score

Your Score History

You have not taken this quiz